00651nam a22001937a 4500999001900000005001700019010001300036020002600049035001100075037001600086082000800102100002500110245008300135246006200218260004900280270007500329300002200404942003100426 c167481d16748120190904171711.0 aUR-10433 c150.00a9789380352794 aU-8988 bDBAD/PUBa- a954 aمبا ر ک علی  aآ خر ی عہد مغليہ کا ہند و ستا ن cمبا ر ک علی  bAakhri Ahd Mughliya ka Hindustan (Urdu)aby Mubarak Ali  aDelhi bAl Hasanat Books Pvt.Ltd.c2013 ء  a3004/2Sir Syed Ahmed Road Darya Ganj bN.Delhie110002k01123271845l- a192 صc22 Cm(Hb) 2ddccURh840954mم و ب